| 000 | 01051nam0a22002771 4500 | ||
|---|---|---|---|
| 001 | RU\NLR\INFOCOMM_190\5000036428 | ||
| 005 | 20250613092539.0 | ||
| 035 | _a(NLR Aleph) 009167247 | ||
| 090 |
_a8490722 _c8490722 |
||
| 100 | _a20100214d1979 |||y0rusy50 ca | ||
| 101 | 1 | _aeng | |
| 102 | _aRU | ||
| 105 | _aa ||||000|y | ||
| 200 | 1 |
_aStories and poems _fIvan Bunin _gStories transl. by Olga Shartse _gPoems transl. by Olga Shartse a. Irina Zheleznova _g[Худож.: О. Г. Верейский] |
|
| 210 |
_aΜ. _cProgress _d1979 |
||
| 215 |
_a508 с., 9 л. цв. ил. _cпортр., цв. ил. _d21 см |
||
| 225 | 1 | _aRussian classics ser. | |
| 300 | _aНа обороте тит. л.: Рассказы, повести, стихотворения / И. А. Бунин | ||
| 686 |
_aШ6(2=р)57(англ.) _2rubbk |
||
| 700 | 1 |
_9z01790 _aBunin _bI. A. _f1870-1953 _gIvan Alekseevič _4070 |
|
| 790 | 1 |
_9z01700 _aBunin _bI. _gIvan _4070 |
|
| 801 | 1 |
_aRU _bNLR _c20100214 |
|
| 801 | 0 |
_aRU _bNLR _gPSBO |
|
| 852 |
_aNLR _jЛ31 Д-3/433 |
||
| 942 | _cBOOK | ||
| 980 | _aNB | ||